| 000 | 01083nam a2200241Ia 4500 | ||
|---|---|---|---|
| 999 |
_c34827 _d34827 |
||
| 001 | 638 | ||
| 003 | GE_BSU | ||
| 005 | 20230125122910.0 | ||
| 008 | 181216s1999ge xx |||||||||||||| ||geo|| | ||
| 020 | _a9992822309 | ||
| 040 | _cGE_BSU | ||
| 041 | _ageo | ||
| 080 | _a347.37 ლ-41 | ||
| 100 |
_aლეკვეიშვილი, მ _93505 |
||
| 245 |
_aპასუხისმგებლობა ეკონომიკური დანაშაულისათვის _bკომენტარი : / _cმზია ლეკვეიშვილი, გოჩა მამულაიშვილი; რედ. გ. ტყეშელიაძე |
||
| 264 |
_aთბილისი : _bმერიდიანი, _c1999. |
||
| 300 |
_a170 გვ.: _b22 სმ. |
||
| 653 | _aეკონომიკური დანაშაული | ||
| 653 | _aეკონომიკა | ||
| 700 |
_aმამულაიშვილი, გოჩა _97762 |
||
| 700 |
_4 ტყეშელიაძე, გ _eრედაქტორი _916780 |
||
| 942 |
_cBK _2udc |
||